000 00330nam a2200145Ia 4500
005 20240715035418.0
008 240331s9999 xx 000 0 und d
082 _a200.042
_bMAR
245 0 _aMarga
260 _aColombo
_bMarga Publications
_c1989
300 _a65 p ., ( V 10)
650 _aWomen
650 _aCulture
942 _cL
999 _c781
_d781